000 00858cam a22002775i 4500
001 18145372
003 OSt
005 20210923161731.0
008 140509t20132013waua b 101 0 eng
010 _a 2014395079
020 _a9781441961686
038 _akhadija
040 _aDLC
_beng
_erda
_cDLC
042 _apcc
082 _a610.28
_bCAR
100 _aCarrara, Sandro.
_956073
245 0 0 _aNano-Bio-Sensing
_cSandro Carrara
300 _a1 volume (various pagings) :
_billustrations ;
_c28 cm.
490 0 _aProceedings of SPIE,
_x0277-786X ;
_vvolume 8879
504 _aIncludes bibliographical references and author index.
563 _ahardcover
700 1 _aKang, Shin Won,
_eeditor of compilation.
_982681
906 _a0
_bibc
_corignew
_d2
_encip
_f20
_gy-gencatlg
942 _2ddc
_cBK
999 _c32961
_d32961